00337nam a2200109Ia 4500008004000000082001300040100002300053245005600076260004400132300001300176650003800189210210b1985 xxu||||| |||| 00| 0 eng d a361 CHOP aCHOWDHRY (D Paul). aProfile of social welfare and development in india. aNDbM N Publishers & Distributorsc1985 aviii,340 aSocial welfare social development